| 000 | 00513nam a2200193 a 4500 | ||
|---|---|---|---|
| 001 | 2019 | ||
| 003 | CDMR | ||
| 005 | 20151026134202.0 | ||
| 008 | 130130s1983||||||||||||||||||||||||||||d | ||
| 040 |
_aCDMR _bcat _cCDMR |
||
| 100 | 1 |
_aFishman, Mark _91505 |
|
| 245 | 1 | 3 |
_aLa fabricación de la noticia _cMarc Fishman |
| 246 | _aManufacturing the news | ||
| 260 |
_aBuenos Aires _c1983 _bTres Tiempos |
||
| 300 | _a190 p. | ||
| 490 | _aHoy candente | ||
| 650 |
_93772 _aPeriodisme--Manuals d'estil |
||
| 942 |
_cMON _2udc |
||
| 999 |
_c2019 _d2019 |
||